Hlasy človeka a stvorenia v jednej synfónii

Bibliographic Details
Main Author: Scimone, Claudio, 1934- (Author)
Format: Article
Language:Slovak
ISSN:1336-0205
Subjects:

MARC

LEADER 00000nab a2200000 ar4500
001 vtls009091305
003 SK-MaSNL
005 20260304013416.0
008 070904c2007 xo mr|p|||||||000 b|slo
015 |a SNBRB2007/09 
038 |a SNKBUCL 
040 |a SNKBUCL  |b slo  |e AACR2  |c SNKBUCL 
041 0 |a slo  |b eng 
044 |a xo  |c SK 
080 |a 27-535.8  |2 2001 
080 |a 27-535  |2 2001 
100 1 |a Scimone, Claudio,  |d 1934-  |4 aut  |9 1294381 
245 1 0 |a Hlasy človeka a stvorenia v jednej synfónii  |c Claudio Scimone 
650 0 7 |a žalmy  |2 snkbucl  |9 1744 
650 0 7 |a cirkevná hudba  |2 snkbucl  |9 1748 
773 0 |t Sväté písmo pre každého  |g Roč. VII, č. 9 (2007), s. 34  |x 1336-0205 
852 |a SNK  |b KIS3GCP 
958 |a SK 
958 |a NT 
999 |c 2575698  |d 2577628